Geographic General Knowledge 4 - Statistics

General Stats
  • This quiz has been taken 6 times
  • The average score is 23 of 40
Answer Stats
Hint Answer % Correct
2) What river cuts through the Grand Canyon? Colorado
100%
8) What massive, remote swampland coversmuch of SW Florida? Everglades
100%
3) The CN Tower is located in what city? Toronto
100%
40) What state did the US purchase from Russiain 1867? Alaska
80%
22) Machu Picchu is located in what mountainrange? Andes
80%
19) What is the highest peak in the UK? Ben Nevis
80%
25) What city serves as South Africas Judicial capital? Bloemfontein
80%
27) What Portuguese speaking island nation liesoff the coast of Senegal? Cape Verde
80%
37) Ajaccio is the capital of what island? Corsica
80%
38) What French city is also a popular mustardbrand? Dijon
80%
31) What capital city was once called Batavia underDutch rule? Jakarta
80%
15) What German speaking micronation sits betweenSwitzerland and Austria? Liechtenstein
80%
10) What country has over 800 languages? Papua New Guinea
80%
18) Capital city that surrounds the above Rome
80%
34) What capital city translates to St Dominic? Santo Domingo
80%
9) What country is spelled Slovensko in its nativelanguage? Slovakia
80%
35) What country uses the term Cantons as theiradministrative regions? Switzerland
80%
21) Hobart is the capital of what Australian state? Tasmania
80%
17) In what country would you find the Sistine Chapel? Vatican City
80%
36) Ibiza, Mallorca and Menorca make up whatarchipelago? Balearic
60%
28) Currency of the above Escudo
60%
26) The Blue and White Nile converge at what capital city? Khartoum
60%
24) Gilbertese is an official language of what country? Kiribati
60%
5) What is Canadas smallest province? Prince Edward Island
60%
33) Bonn was once the capital of what formercountry? West Germany
60%
29) In what sea would you find the French territoryof Guadalupe? Caribbean
40%
39) Over 3/4 of the worlds cobalt supply is minedin what African nation? Democratic Republic of the Congo
40%
20) What Australian city is home to the Q1 Tower? Gold Coast
40%
14) What city is often called the Big Pineapple? Honolulu
40%
16) What coastal desert is home to the SkeletonCoast? Namib
40%
30) Tijuana, Mexico is across the border from whatmajor US city? San Diego
40%
6) Capital of the above Charlottetown
20%
1) What name is Lake Nyasa is also called? Malawi
20%
32) Voivodeships are states in what country? Poland
20%
7) The area of Raleigh and Durham, NC is known as this, due to prominent universities in the area Research Triangle
20%
4) Mt Whitney is the highest peak in the lower48 states. What range is it in? Sierra Nevada
20%
13) What state is called the Land of Enchantment? New Mexico
0%
23) Badlands National Park is in what state? South Dakota
0%
12) Macau and Hong Kong are known as these,where they have a high degree of autonomy Special Administrative Regions
0%
11) What Chinese megacity was once called Amoy? Xiamen
0%
No matching quizzes found
Score Distribution
Percent of People with Each Score
Percentile by Number Answered
Your Score History
You have not taken this quiz